000 00626nas a2200217 4500
001 BR9506713
003 BR-BrBNA
005 20231205094456.0
007 ta
008 230509b bl.|||p| |||| 00| 00por d
040 _aBR-BrBNA
_bpor
_cBiblioteca Nacional de Agricultura
041 _a(Pt)
072 _aH10
100 1 _aBondar, G.
245 1 _aA biologia do genero Oncideres (Col. ceramb.)e descricao de nova especie
650 _aSerrador
650 _aBiologia
773 0 _tAgronomia (Brazil)
_x
_g(Apr-Jun 1953), v. 12(2) p. 29-31
_wBR9506713
909 _a202311
_bLúcia
_c55
_dLúcia Elande
942 _2AGRIS
_n0
_cANA
999 _c144601
_d144601